| 000 | 00958nam a22002897a 4500 | ||
|---|---|---|---|
| 003 | MX-MxUPN | ||
| 005 | 20241014110735.0 | ||
| 008 | 231005t1985 sp a|||gr|||| 00| 0 spa d | ||
| 020 | _a8434581450 | ||
| 020 | _a8434581949 | ||
| 040 |
_aMX-MxUPN _bspa _cMX-MxUPN |
||
| 041 |
_aspa _heng |
||
| 050 | 1 | 4 |
_aML410 B4 _bS26 1985 |
| 100 | 1 |
_954090 _aScott, Marion M. _d1877-1953 _q(Marion Margaret), |
|
| 240 | 1 | 0 |
_aBeethoven. _lEspañol |
| 245 | 1 | 0 | _aBeethoven |
| 260 |
_aBarcelona : _bSalvat editores, _c©1985. |
||
| 300 |
_a227 páginas : _bilustraciones |
||
| 490 | 0 |
_aBiblioteca salvat de grandes biografías ; _v49 |
|
| 504 | _aIncluye bibliografía | ||
| 600 | 1 | 2 |
_936522 _aBeethoven, Ludwig van, _d1770-1827 |
| 650 | 4 |
_922399 _aCompositores alemanes _vBiografía |
|
| 700 | 1 |
_954091 _aBasté, Joan, _d1920- _etraducción |
|
| 700 | 1 |
_954096 _aReverter, Arturo _eprólogo |
|
| 902 |
_aMarielOrtiz/051023 _bMaríaRobles/141024 |
||
| 942 |
_2lcc _cLIBRO _n0 |
||
| 999 |
_c210467 _d210467 |
||